000 00556nam a2200181 4500
001 113164
003 ES-MaACL
005 20230906185800.0
007 t|
008 061121s1973 sp r ||||1| spa d
100 1 _aMaxi Olives, Mariano.
_979301
245 1 3 _aEl poblema Rh enfermedad hemolítica neonatal /
_cMariano Muxi Olives ; prólogo M. Usandizaga.
250 _a[1ª ed.].
260 _aBarcelona :
_bJIMS,
_c1973.
300 _aXVI, 499 p. :
_bil ;
_c25 cm.
700 1 _aUsandizaga, Manuel.
_9112292
852 _aES-MaACL
_jC-55169
_bR.87592
999 _c113164
_d113164